| 000 | 01293nam a2200325 c 4500 | ||
|---|---|---|---|
| 003 | BLK | ||
| 005 | 20230331153828.0 | ||
| 008 | 180409b bul|||||r ||||||| ||bul|| | ||
| 010 | _aKNG00100889000 | ||
| 020 |
_a954-426-268-7 _bиздат.: Анубис |
||
| 040 | _aBLK | ||
| 041 |
_aBUL _cBUL |
||
| 080 |
_aБългарска литература _b821.163.2 _x-1 _z821.163.2-1 |
||
| 100 | 1 |
_aТраянов, Теодор Василев _d1882-1945 _9427489 |
|
| 700 | 1 |
_aДобрев, Добрин Начев _eсъстав. _9363307 |
|
| 139 |
_aТраянов, Теодор Василев _bТ 80 |
||
| 245 | 1 | 0 |
_aПантеон _bСтихотворения _cТеодор Василев Траянов; състав. Добрин Начев Добрев. |
| 257 | _aBGR | ||
| 260 |
_аСофия _bАнубис _c2000 |
||
| 300 |
_a136 с. _c20 см |
||
| 380 | _aX | ||
| 490 | 1 | _aПоредица Българският канон | |
| 500 | _aСъстав. на поредицата Валери Стоилов Стефанов. - Офс. изд. - 3 000 тир. | ||
| 653 | _aстихотворения | ||
| 852 | _aЦб 211167 | ||
| 856 | 4 |
_qpdf _u |
|
| 856 | 4 |
_qpdf _u |
|
| 942 |
_cKNG _n0 _01 |
||
| 944 |
_aCR _c01.01.2000 _lф / _kЛюдмила_Стоянова |
||
| 944 |
_aED _c10.02.2012 _lф / _k |
||
| 999 |
_c96006 _d96006 |
||